000 00891nam a2200253Ia 4500
003 GCL
008 140319s9999 xx 000 0 ara d
040 _aGCL /
_cGCL
082 0 4 _aد
_b050
100 1 _aعبدالله عبدالرازق
245 1 0 _aالمسلمون والاستعمار الاوروبى لافريقيا (عالم المعرفة 139) /
_cعبدالله عبدالرازق
260 _a[S.N] :
_bالمجلس الوطنى للثقافة والفنون والاداب ،
_c1989
300 _a304 ص
490 _aكتاب المواهب
_v0
650 0 4 _aالعصر الحديث
650 0 4 _aتاريخ
650 0 4 _aافريقيا الشمالية
650 0 4 _aافريقيا
650 0 4 _aالصومال
650 0 4 _aالمستعمرات
650 0 4 _aافريقيا الغربية
650 0 4 _aالاستعمار الايطالى
942 _2ddc
_cCF
999 _c27032
_d27032